<?xml version="1.0" encoding="UTF-8"?>
<collection xmlns="http://www.loc.gov/MARC21/slim">
 <record>
  <leader>02805nam a22006617i 4500</leader>
  <controlfield tag="001">000720854</controlfield>
  <controlfield tag="003">CZ-PrVSE</controlfield>
  <controlfield tag="005">20250225132405.0</controlfield>
  <controlfield tag="007">ta</controlfield>
  <controlfield tag="008">250221s2025    xr     fr     001 0 cze d</controlfield>
  <datafield tag="015" ind1=" " ind2=" ">
   <subfield code="a">cnb003661741</subfield>
  </datafield>
  <datafield tag="020" ind1=" " ind2=" ">
   <subfield code="a">978-80-7502-763-4</subfield>
   <subfield code="q">(vázáno)</subfield>
  </datafield>
  <datafield tag="035" ind1=" " ind2=" ">
   <subfield code="a">(OCoLC)1514347265</subfield>
  </datafield>
  <datafield tag="040" ind1=" " ind2=" ">
   <subfield code="a">ABA006</subfield>
   <subfield code="b">cze</subfield>
   <subfield code="c">ABA006</subfield>
   <subfield code="d">ABA006</subfield>
   <subfield code="e">rda</subfield>
  </datafield>
  <datafield tag="072" ind1=" " ind2="7">
   <subfield code="a">341</subfield>
   <subfield code="x">Mezinárodní právo</subfield>
   <subfield code="2">Konspekt</subfield>
   <subfield code="9">16</subfield>
  </datafield>
  <datafield tag="072" ind1=" " ind2="9">
   <subfield code="a">341</subfield>
   <subfield code="x">International law</subfield>
   <subfield code="2">Conspectus</subfield>
   <subfield code="9">16</subfield>
  </datafield>
  <datafield tag="080" ind1=" " ind2=" ">
   <subfield code="a">341.171(4)</subfield>
   <subfield code="2">MRF_2014</subfield>
  </datafield>
  <datafield tag="080" ind1=" " ind2=" ">
   <subfield code="a">(4)</subfield>
   <subfield code="2">MRF_2003</subfield>
  </datafield>
  <datafield tag="080" ind1=" " ind2=" ">
   <subfield code="a">(075)</subfield>
   <subfield code="2">MRF_2003</subfield>
  </datafield>
  <datafield tag="099" ind1=" " ind2="9">
   <subfield code="a">341.1TOM</subfield>
  </datafield>
  <datafield tag="100" ind1="1" ind2=" ">
   <subfield code="a">Tomášek, Michal,</subfield>
   <subfield code="d">1963-</subfield>
   <subfield code="7">jn20000402379</subfield>
   <subfield code="4">aut</subfield>
  </datafield>
  <datafield tag="245" ind1="1" ind2="0">
   <subfield code="a">Právo Evropské unie /</subfield>
   <subfield code="c">Michal Tomášek, Vladimír Týč, David Petrlík a kolektiv: Jiří Malenovský, Irena Pelikánová, Naděžda Rozehnalová, Filip Křepelka, Lenka Pítrová, David Sehnálek, Magdaléna Svobodová, Václav Šmejkal, Jan Exner, Tereza Kunertová, Jan Převrátil, Martin Smolek, Aneta Vondráčková, Jaroslav Denemark</subfield>
  </datafield>
  <datafield tag="250" ind1=" " ind2=" ">
   <subfield code="a">4. aktualizované vydání</subfield>
  </datafield>
  <datafield tag="264" ind1=" " ind2="1">
   <subfield code="a">Praha :</subfield>
   <subfield code="b">Leges,</subfield>
   <subfield code="c">2025</subfield>
  </datafield>
  <datafield tag="300" ind1=" " ind2=" ">
   <subfield code="a">543 stran</subfield>
  </datafield>
  <datafield tag="336" ind1=" " ind2=" ">
   <subfield code="a">text</subfield>
   <subfield code="b">txt</subfield>
   <subfield code="2">rdacontent</subfield>
  </datafield>
  <datafield tag="337" ind1=" " ind2=" ">
   <subfield code="a">bez média</subfield>
   <subfield code="b">n</subfield>
   <subfield code="2">rdamedia</subfield>
  </datafield>
  <datafield tag="338" ind1=" " ind2=" ">
   <subfield code="a">svazek</subfield>
   <subfield code="b">nc</subfield>
   <subfield code="2">rdacarrier</subfield>
  </datafield>
  <datafield tag="490" ind1="1" ind2=" ">
   <subfield code="a">Student</subfield>
  </datafield>
  <datafield tag="504" ind1=" " ind2=" ">
   <subfield code="a">Obsahuje bibliografii a rejstříky</subfield>
  </datafield>
  <datafield tag="610" ind1="2" ind2="7">
   <subfield code="a">Evropská unie</subfield>
   <subfield code="7">kn20010711086</subfield>
   <subfield code="2">czenas</subfield>
  </datafield>
  <datafield tag="650" ind1="0" ind2="7">
   <subfield code="a">evropské právo</subfield>
   <subfield code="7">ph121776</subfield>
   <subfield code="2">czenas</subfield>
  </datafield>
  <datafield tag="651" ind1=" " ind2="7">
   <subfield code="a">země Evropské unie</subfield>
   <subfield code="7">ge131521</subfield>
   <subfield code="2">czenas</subfield>
  </datafield>
  <datafield tag="655" ind1=" " ind2="7">
   <subfield code="a">učebnice</subfield>
   <subfield code="7">fd133770</subfield>
   <subfield code="2">czenas</subfield>
  </datafield>
  <datafield tag="650" ind1="0" ind2="9">
   <subfield code="a">European law</subfield>
   <subfield code="2">eczenas</subfield>
  </datafield>
  <datafield tag="651" ind1=" " ind2="9">
   <subfield code="a">European Union countries</subfield>
   <subfield code="2">eczenas</subfield>
  </datafield>
  <datafield tag="655" ind1=" " ind2="9">
   <subfield code="a">textbooks</subfield>
   <subfield code="2">eczenas</subfield>
  </datafield>
  <datafield tag="700" ind1="1" ind2=" ">
   <subfield code="a">Týč, Vladimír,</subfield>
   <subfield code="d">1949-</subfield>
   <subfield code="7">jn20000810025</subfield>
   <subfield code="4">aut</subfield>
  </datafield>
  <datafield tag="700" ind1="1" ind2=" ">
   <subfield code="a">Petrlík, David</subfield>
   <subfield code="7">mzk2005318018</subfield>
   <subfield code="4">aut</subfield>
  </datafield>
  <datafield tag="700" ind1="1" ind2=" ">
   <subfield code="a">Malenovský, Jiří,</subfield>
   <subfield code="d">1950-</subfield>
   <subfield code="7">jo20000080799</subfield>
   <subfield code="4">aut</subfield>
  </datafield>
  <datafield tag="700" ind1="1" ind2=" ">
   <subfield code="a">Pelikánová, Irena,</subfield>
   <subfield code="d">1949-</subfield>
   <subfield code="7">jo20000064064</subfield>
   <subfield code="4">aut</subfield>
  </datafield>
  <datafield tag="700" ind1="1" ind2=" ">
   <subfield code="a">Rozehnalová, Naděžda,</subfield>
   <subfield code="d">1955-</subfield>
   <subfield code="7">ola2002111885</subfield>
   <subfield code="4">aut</subfield>
  </datafield>
  <datafield tag="700" ind1="1" ind2=" ">
   <subfield code="a">Křepelka, Filip,</subfield>
   <subfield code="d">1974-</subfield>
   <subfield code="7">ola2002158450</subfield>
   <subfield code="4">aut</subfield>
  </datafield>
  <datafield tag="700" ind1="1" ind2=" ">
   <subfield code="a">Pítrová, Lenka,</subfield>
   <subfield code="d">1954-</subfield>
   <subfield code="7">xx0014842</subfield>
   <subfield code="4">aut</subfield>
  </datafield>
  <datafield tag="700" ind1="1" ind2=" ">
   <subfield code="a">Sehnálek, David,</subfield>
   <subfield code="d">1979-</subfield>
   <subfield code="7">mzk2007411425</subfield>
   <subfield code="4">aut</subfield>
  </datafield>
  <datafield tag="700" ind1="1" ind2=" ">
   <subfield code="a">Svobodová, Magdaléna,</subfield>
   <subfield code="d">1976-</subfield>
   <subfield code="7">mzk2005295061</subfield>
   <subfield code="4">aut</subfield>
  </datafield>
  <datafield tag="700" ind1="1" ind2=" ">
   <subfield code="a">Šmejkal, Václav,</subfield>
   <subfield code="d">1966-</subfield>
   <subfield code="7">jn20001227177</subfield>
   <subfield code="4">aut</subfield>
  </datafield>
  <datafield tag="700" ind1="1" ind2=" ">
   <subfield code="a">Exner, Jan</subfield>
   <subfield code="7">xx0245563</subfield>
   <subfield code="4">aut</subfield>
  </datafield>
  <datafield tag="700" ind1="1" ind2=" ">
   <subfield code="a">Kunertová, Tereza,</subfield>
   <subfield code="d">1981-</subfield>
   <subfield code="7">hka2015863358</subfield>
   <subfield code="4">aut</subfield>
  </datafield>
  <datafield tag="700" ind1="1" ind2=" ">
   <subfield code="a">Převrátil, Jan</subfield>
   <subfield code="7">ola2004220065</subfield>
   <subfield code="4">aut</subfield>
  </datafield>
  <datafield tag="700" ind1="1" ind2=" ">
   <subfield code="a">Smolek, Martin,</subfield>
   <subfield code="d">1976-</subfield>
   <subfield code="7">ola2002101501</subfield>
   <subfield code="4">aut</subfield>
  </datafield>
  <datafield tag="700" ind1="1" ind2=" ">
   <subfield code="a">Vondráčková, Aneta</subfield>
   <subfield code="7">pna2015872314</subfield>
   <subfield code="4">aut</subfield>
  </datafield>
  <datafield tag="700" ind1="1" ind2=" ">
   <subfield code="a">Denemark, Jaroslav</subfield>
   <subfield code="7">xx0328662</subfield>
   <subfield code="4">aut</subfield>
  </datafield>
  <datafield tag="830" ind1=" " ind2="0">
   <subfield code="a">Student (Leges)</subfield>
  </datafield>
  <datafield tag="993" ind1=" " ind2=" ">
   <subfield code="a">010383928</subfield>
  </datafield>
  <datafield tag="996" ind1=" " ind2=" ">
   <subfield code="1">PSTUD</subfield>
   <subfield code="3">F238264</subfield>
   <subfield code="4">N:P</subfield>
   <subfield code="5">3142372884</subfield>
   <subfield code="8">20250221</subfield>
   <subfield code="9">341.1TOM</subfield>
   <subfield code="f">81</subfield>
   <subfield code="g">61653</subfield>
   <subfield code="l">UEP01</subfield>
   <subfield code="m">BOOK</subfield>
   <subfield code="q">Studovna Žižkov</subfield>
   <subfield code="t">na 1 měsíc</subfield>
   <subfield code="u">UEP01</subfield>
   <subfield code="w">20250227</subfield>
  </datafield>
 </record>
</collection>
